大手私鉄系のバス事業者 - Statistics

General Stats
  • This quiz has been taken 259 times
    200 since last reset
  • The average score is 33 of 117
Answer Stats
Answer % Correct
東武バス
89%
京成バス
83%
西武バス
82%
東急バス
82%
相鉄バス
81%
小田急バス
78%
名鉄バス
76%
近鉄バス
72%
京阪バス
72%
南海バス
71%
阪急バス
70%
西鉄バス
70%
阪神バス
68%
京浜急行バス
59%
神奈川中央交通
55%
東武バスウエスト
43%
伊豆箱根バス
43%
箱根登山バス
43%
東武バスセントラル
42%
西武観光バス
41%
京王電鉄バス
41%
奈良交通
39%
三重交通
38%
東急トランセ
38%
朝日自動車
37%
関東鉄道
37%
近江鉄道
36%
西東京バス
36%
立川バス
34%
東海バス
33%
豊鉄バス
33%
千葉交通
31%
京成タウンバス
30%
京王バス東
30%
神奈川中央交通東
29%
名阪近鉄バス
29%
京成バスシステム
28%
船橋新京成バス
28%
神奈川中央交通西
28%
京都京阪バス
28%
西鉄バス北九州
28%
東武バス日光
27%
成田空港交通
27%
ちばレインボーバス
27%
関鉄グリーンバス
27%
松戸新京成バス
27%
江ノ電バス
27%
和歌山バス
27%
関越交通
26%
京阪京都交通
26%
東京ベイシティ交通
25%
ちばフラワーバス
25%
千葉中央バス
24%
東濃鉄道
24%
西鉄バス久留米
24%
ちばグリーンバス
23%
関鉄パープルバス
23%
東京空港交通
23%
京王バス南
23%
岐阜乗合自動車
23%
西鉄バス佐賀
23%
川越観光自動車
22%
千葉海浜交通
22%
千葉内陸バス
22%
ちばシティバス
22%
京成トランジットバス
22%
川崎鶴見臨港バス
22%
京都バス
22%
湖国バス
21%
知多乗合
21%
名鉄観光バス
21%
東京BRT
21%
小田急ハイウェイバス
20%
関鉄観光バス
19%
京王バス小金井
19%
東洋観光
19%
南海りんかんバス
19%
茨城急行自動車
18%
日光交通
18%
京王バス中央
18%
西鉄バス大牟田
18%
江若交通
17%
阪急観光バス
17%
阪東自動車
15%
濃飛乗合自動車
15%
西鉄バス宗像
15%
西鉄バス二日市
15%
じょうてつ
15%
東北急行バス
14%
明光バス
13%
防長交通
13%
八風バス
13%
和歌山バス那賀
13%
北恵那交通
12%
南海ウイングバス
12%
熊野御坊南海バス
12%
日田バス
12%
宮城交通
11%
関西空港交通
11%
神奈中観光
10%
西鉄観光バス
10%
亀の井バス
10%
エヌシーバス
9%
三交伊勢志摩交通
8%
徳島バス
8%
三重急行自動車
7%
丹後海陸交通
7%
桐生朝日自動車
5%
豊鉄観光バス
5%
四国交通
5%
豊鉄ミディ
4%
奈良観光バス
4%
北日本観光自動車
4%
徳島バス阿南
3%
徳島バス南部
3%
サザンエアポート交通
3%
防長観光バス
1%
No matching quizzes found
Score Distribution
Percent of People with Each Score
Percentile by Number Answered
Your Score History
You have not taken this quiz since the last reset